• 首页
  • 本馆介绍
  • 公告通知
  • 最新文献
  • 馆藏检索
  • 电子资源
  • 读者导购
  • 参考咨询
  • 我的图书馆
  • 登录
  • 详细信息显示
  • 放入我的书架
  • 预约/预借图书
  • 作者相关作品
  • 分类相关作品
  • 丛书相关作品
  • 出版社相关作品

书目信息

  • 表格格式
  • 工作单格式
  • 卡片格式
题名:
专家谈儿童·青少年眼病
    
 
作者: 陶利娟 编著
分册:  
出版信息: 长沙   湖南科学技术出版社  1999.06
页数: 317页
开本: 19cm
丛书名: 健康沙龙丛书 (1)
单 册:
中图分类: R779.7-5
科图分类:
主题词: 眼科学
电子资源:
ISBN: 7-5357-2366-7
000 00655nam0 2200217 45
001 0105291543
005 20010529151555.4
010    @a7-5357-2366-7@d15.00元
100    @a20010529d1999 km y0chiy0120 ea
101 0  @achi
105    @a z 000yy
200 1  @a专家谈儿童·青少年眼病@AZhuan Jia Tan Er Tong·Qing Shao Nian Yan Bing@f陶利娟 编著@FTao Li Juan Bian Zhu
210    @a长沙@c湖南科学技术出版社@d1999.06
215    @a317页@d19cm
225    @a健康沙龙丛书 (1)
410    @12001 @a健康沙龙丛书 (1)
606 0  @a眼科学
690    @aR779.7-5@v3
701  0 @a陶利娟@4编著
801    @aCN@b8012@c20010529
905    @aBZT@b74955-959@dR779.7-5@e1@f5
    
    专家谈儿童·青少年眼病/陶利娟 编著.-长沙:湖南科学技术出版社,1999.06
    317页;19cm.-(健康沙龙丛书 (1))
    
    
    ISBN 7-5357-2366-7:15.00元
    
●
相关链接 在五车中查询图书 在当当中查询图书 在豆瓣中查询图书


正题名:专家谈儿童·青少年眼病     索取号:R779.7-5/1         预约/预借

序号 登录号 条形码 馆藏地/架位号 状态 备注
1 74955   200684866   中心书库中库/ 中库014架B面3列5层54/ [索取号:R779.7-5/1] 在馆    
2 74956   200684848   中心书库中库/ 中库014架B面4列4层22/ [索取号:R779.7-5/1] 在馆    
3 74957   200684820   中心书库中库/ 中库014架B面4列4层21/ [索取号:R779.7-5/1] 在馆    
4 74958   200684802   中心书库中库/ 中库014架B面4列4层20/ [索取号:R779.7-5/1] 在馆    
5 74959   200684884   中心书库中库/ 中库014架B面4列4层19/ [索取号:R779.7-5/1] 在馆    
山东省滨州职业学院图书馆 欢迎您!
大连网信软件有限公司© 版权所有